| 000 | 00681nam a2200253Ia 4500 | ||
|---|---|---|---|
| 003 | OSt | ||
| 005 | 20221007075941.0 | ||
| 006 | a|||||r|||| 00| 0 | ||
| 007 | ta | ||
| 008 | 221006b |||||||| |||| 00| 0 eng d | ||
| 020 | _a9781483332383 | ||
| 024 | _a44,480 | ||
| 037 | _cTextual | ||
| 040 |
_aFLL _cFLL _beng |
||
| 041 |
_2eng _aeng |
||
| 082 | _aZ1,5, Q6 | ||
| 100 |
_aBANKS Cyndi _9694426 |
||
| 245 | 0 | _aComparative, International, and global justic | |
| 260 |
_aNew Delhi _bSAGE India _c2016 |
||
| 300 |
_axvii,571p. _ccm. |
||
| 700 |
_a BAKER James _9694427 |
||
| 942 |
_hZ1,5, Q6 _cTEXL _2CC |
||
| 999 |
_c1157921 _d1157921 |
||